The role of the Health and Safety Commission and the Health and Safety Executive in regulating workplace health and safety (Record no. 108132)
[ view plain ]
| 000 -LEADER | |
|---|---|
| fixed length control field | 01806cad a22002655a 4500 |
| 001 - CONTROL NUMBER | |
| control field | L143348 |
| 008 - FIXED-LENGTH DATA ELEMENTS--GENERAL INFORMATION | |
| fixed length control field | 080429s2008 xxk f f000 0 eng d |
| 035 ## - SYSTEM CONTROL NUMBER | |
| System control number | (Sirsi) u143348 |
| 041 0# - LANGUAGE CODE | |
| Language code of text/sound track or separate title | eng |
| 050 04 - LIBRARY OF CONGRESS CALL NUMBER | |
| Classification number | 344.410465 $2 18 |
| 110 2# - MAIN ENTRY--CORPORATE NAME | |
| Corporate name or jurisdiction name as entry element | United Kingdom |
| Subordinate unit | Parliament |
| -- | House of Commons |
| -- | Select Committee for Work and Pensions |
| 9 (RLIN) | 5539 |
| 245 04 - TITLE STATEMENT | |
| Title | The role of the Health and Safety Commission and the Health and Safety Executive in regulating workplace health and safety |
| Remainder of title | third report of session 2007-08 - volumes one and two |
| Medium | [electronic resource] |
| 260 ## - PUBLICATION, DISTRIBUTION, ETC. | |
| Place of publication, distribution, etc. | London |
| Name of publisher, distributor, etc. | TSO |
| Date of publication, distribution, etc. | 2008 |
| 490 #0 - SERIES STATEMENT | |
| Series statement | HC |
| Volume/sequential designation | 246-I |
| 490 #0 - SERIES STATEMENT | |
| Series statement | HC |
| Volume/sequential designation | 246-II |
| 505 2# - FORMATTED CONTENTS NOTE | |
| Formatted contents note | Proposals for change -- The legislative framework -- Interpretation of health and safety legislation -- Inspections and enforcement -- Hazardous industries -- Prosecutions and penalties -- HSE and local authorities -- Worker involvement -- Vulnerable workers -- Occupational health -- Resources |
| 520 ## - SUMMARY, ETC. | |
| Summary, etc. | Presents the findings of a full inquiry into the work of the Health and Safety Commission and the Health and Safety Executive. Key recommendations include: an increase in the number of construction inspectors to maintain health and safety standards in the industry; a national tower crane and plant register (in response to recent tower crane collapses); higher health and safety fines to provide a more effective deterrent for duty holders to comply with obligations; and enhancing the role of health and safety union representatives. |
| 521 2# - TARGET AUDIENCE NOTE | |
| Target audience note | Advanced |
| 590 ## - LOCAL NOTE (RLIN) | |
| Local note | KA |
| 651 #4 - SUBJECT ADDED ENTRY--GEOGRAPHIC NAME | |
| Geographic name | Great Britain |
| Chronological subdivision | 1707- |
| 690 ## - LOCAL SUBJECT ADDED ENTRY--TOPICAL TERM (OCLC, RLIN) | |
| Topical term or geographic name as entry element | Health and safety |
| 9 (RLIN) | 6244 |
| 690 ## - LOCAL SUBJECT ADDED ENTRY--TOPICAL TERM (OCLC, RLIN) | |
| Topical term or geographic name as entry element | BUILT ENVIRONMENT |
| 856 40 - ELECTRONIC LOCATION AND ACCESS | |
| Uniform Resource Identifier | <a href="https://www.publications.parliament.uk/pa/cm/cmworpen.htm">https://www.publications.parliament.uk/pa/cm/cmworpen.htm</a> |
| Public note | View the report free of charge at www.publications.parliament.uk... |
| 942 ## - ADDED ENTRY ELEMENTS (KOHA) | |
| Suppress in OPAC | 0 |
| Withdrawn status | Lost status | Source of classification or shelving scheme | Damaged status | Not for loan | Home library | Current library | Shelving location | Date acquired | Total Checkouts | Full call number | Barcode | Date last seen | Copy number | Price effective from | Koha item type |
|---|---|---|---|---|---|---|---|---|---|---|---|---|---|---|---|
| Dewey Decimal Classification | Virtual | Virtual | Online | 29/04/2008 | ONLINE PUBLICATION | 143348-2001 | 06/08/2019 | 1 | 06/08/2019 | Book |